| 000 | 01016nam a22002777a 4500 | ||
|---|---|---|---|
| 999 |
_c65516 _d65516 |
||
| 005 | 20240530110828.0 | ||
| 008 | 190829s2007 sy g 000 0dara d | ||
| 040 |
_aEG-CaGPL _cEG-CaGPL |
||
| 082 | 0 | 4 |
_221 _a247 / _bج ت |
| 100 | 0 | _aجمال شاكر البدرى | |
| 245 | 1 | 2 |
_aالتشيع والعولمة : _bرؤية فى الماضى والمستقبل / _cجمال شاكر البدرى |
| 250 | _aط1 | ||
| 260 |
_aالقاهرة : _bصفحات للدراسات والنشر والتوزيع، _c2007. |
||
| 300 |
_a95 ص. ؛ _c24 سم. |
||
| 650 | 0 | 7 |
_2qrmak _aالفرق الاسلامية |
| 650 | 0 | 7 |
_2qrmak _aالشيعة |
| 650 | 0 | 7 |
_2qrmak _aالحركات الفكرية عند المسلمين |
| 650 | 0 | 7 |
_2qrmak _aعقائد الشيعة |
| 650 | 0 | 7 |
_2qrmak _aالعلويون |
| 650 | 0 | 7 |
_2qrmak _aالزيدية |
| 650 | 0 | 7 |
_2qrmak _aالامويون |
| 651 | _2qrmak | ||
| 653 | 0 | _aالعولمة - الشيعة | |
| 942 |
_2ddc _cBK |
||